000
00293nam a2200133Ia 4500
008
231017s9999 xx 000 0 und d
082
_a
628.049
082
_b
HIN
245
0
_a
Transport and road research laboratory
245
0
_c
TRRL
260
_b
TRRL
300
_c
30cm
942
_c
REP
999
_c
606481
_d
606481